Music Quiz

Random Music or Clickable Quiz

10-to-1: Top Ten Hits of the 2000s Quiz Stats

 Plays Quiz Updated Jun 29, 2015

Challenge
Share
Tweet
Embed
Score 0/55 Timer 05:00
2 Plays Today
% Correct
Single Ladies (Put a Ring on It)
93.3%
Crazy in Love
88.5%
Umbrella
88%
Since U Been Gone
81.9%
If I Were a Boy
81.3%
The Real Slim Shady
79.6%
Disturbia
79.2%
Halo
77.9%
Lose Yourself
76.9%
Hot in Herre
74.2%
In Da Club
73.4%
Irreplaceable
73.1%
Because of You
73.1%
Viva La Vida
72.2%
Yeah!
71.3%
Don't Stop the Music
69.8%
Pon de Replay
69.5%
SOS
69.1%
My Life Would Suck Without You
67.7%
Baby Boy
67%
Beautiful
66.3%
Behind These Hazel Eyes
66%
Candy Shop
65.4%
Take a Bow
62.6%
Miss Independent
60.8%
P.I.M.P.
60.6%
A Moment Like This
59.9%
Confessions Part II
59.1%
% Correct
Cleanin' Out My Closet
55.8%
Speed of Sound
55.2%
Love in This Club
55%
Country Grammar
54.9%
U Got It Bad
54.8%
Unfaithful
54.8%
Ain't No Other Man
54.2%
Fallin'
54.2%
Ride wit Me
53.7%
Beautiful Liar
51.6%
Burn
51.6%
My Boo (with Alicia Keys)
48.4%
Shake Ya Tailfeather
46.8%
Naughty Girl
46.7%
Without Me
46.4%
Come On Over Baby (All I Want Is You)
45.3%
U Remind Me
44.9%
Déjà Vu
44.7%
Russian Roulette
43.5%
Grillz
42.7%
Dilemma
42.4%
Check on It
40.6%
Caught Up
39.8%
21 Questions
38.5%
Just a Lil Bit
33.3%
Never Again
26.5%
Break it Off
20%

You're not logged in!

Compare scores with friends on all Sporcle quizzes.
Join for Free
OR
Log In

You Might Also Like...

Show Comments

Extras

Top Quizzes Today


Score Distribution

Your Account Isn't Verified!

In order to create a playlist on Sporcle, you need to verify the email address you used during registration. Go to your Sporcle Settings to finish the process.

Report this User

Report this user for behavior that violates our Community Guidelines.

Details: